000 00729cam a2200277 i 4500
001 768714001
003 CO-MdFUSB
005 20241204102651.0
007 ta
008 241204t1980 -us||||| |||| 00| 0 eng d
020 _a0-87784-463-1
040 _cCO-MdFUSB
041 0 _aeng
082 0 4 _223
_a236.2
_bT782c
100 1 _aTravis, Stephen H.
_eautor
245 1 0 _aChristian hope and the future
_c/ Stephen H. Travis
264 1 _bInterVarsity Press,
_aDowners Grove, ILL., USA :
_c[1980]
264 4 _c©1980
300 _a143 Pag
336 _atexto
_btxt
_2rdacontent
337 _2rdamedia
_asin mediación
_bn
338 _2rdacarrier
_avolumen
_bnc
653 _aEscatología
942 _cBK
945 _aMiguel
999 _c35272
_d35272